Geología y paleontología del pleistoceno inferior de Venta Micena
ISBN:
84-505-5823-9
Descripción Física:
295 p. : il. ; 28 cm
MARC
| LEADER | 00000nam a2200000Ia 4500 | ||
|---|---|---|---|
| 001 | 4965 | ||
| 003 | BGR | ||
| 005 | 20260324175620.0 | ||
| 008 | 160829s1987 xx 000 0 cat d | ||
| 020 | |a 84-505-5823-9 | ||
| 080 | |a C-1-158 | ||
| 245 | |a Geología y paleontología del pleistoceno inferior de Venta Micena | ||
| 260 | |a Sabadell : |b Institut Paleontològic Dr. M. Crusafont. Diputació de Barcelona, |c 1987 | ||
| 300 | |a 295 p. : |b il. ; |c 28 cm | ||
| 490 | |a Paleontologia i evolució. Memòria especial ; 1 | ||
| 590 | |a Bibliografia | ||
| 650 | |a Paleontologia |x Andalusia |x Plistocè |9 35301 | ||
| 650 | |a Excavacions arqueològiques |x Andalusia |9 35302 | ||
| 650 | |a Venta Micena (Orce : Jaciment arqueològic) I |9 35303 | ||
| 651 | 0 | |a Orce (Andalusia) |x Arqueologia |9 56112 | |
| 710 | 2 | |a Institut Paleontològic Miquel Crusafont |9 71158 | |
| 901 | |a Arxiu | ||
| 942 | |n 1 |2 udc |c MON | ||
| 952 | |0 0 |1 0 |4 0 |6 C1158 |7 1 |9 46850 |a Arxiu |b Arxiu |d 2016-12-01 |l 0 |o C-1-158 |p 4965 |r 2016-12-01 00:00:00 |w 2016-12-01 |y ARXIU | ||
| 999 | |c 50643 |d 50643 | ||